000 00875nam a2200241Ia 4500
003 OSt
005 20201005135624.0
008 191128s1978 ck a gr 000 0 spa d
040 _aCO-JMCR
_cCO-JMCR
041 0 _aspa
082 0 4 _a623.4 /
_bH443a
_223
100 1 _aHebden, Eric N.,
_eautor
_911221
245 1 0 _aArmas de guerra /
_cEric N. Hebden
260 _aBogotá :
_bNorma,
_c1978.
300 _a48 Páginas :
_bilustraciones a color ;
_c27 cm.
490 0 _aLo extraño y lo maravilloso
500 _aIncluye índice de ilustraciones
505 0 _aCañones y morteros -- Armas de fuego y portátiles -- pistolas y revólveres -- Cañones múltiples y ametralladoras -- Hondas y armas proyectoras -- Cohetes -- Armas blancas -- Máquinas de guerra
650 2 4 _aCañones
_911222
650 2 4 _aPistolas
_911223
650 2 4 _aCohetes
_911224
942 _2ddc
_cBK
999 _c3726
_d3726